kku e-library facility

Condensed Matter Physics (Record no. 211)

MARC details
000 -LEADER
fixed length control field 00389nam a22001337a 4500
005 - DATE AND TIME OF LATEST TRANSACTION
control field 20260410120754.0
008 - FIXED-LENGTH DATA ELEMENTS--GENERAL INFORMATION
fixed length control field 260410b |||||||| |||| 00| 0 eng d
020 ## - INTERNATIONAL STANDARD BOOK NUMBER
International Standard Book Number 978-93-90780-95-2
100 ## - MAIN ENTRY--PERSONAL NAME
Personal name Batt Bashir Ahmed
245 ## - TITLE STATEMENT
Title Condensed Matter Physics
Statement of responsibility, etc. / Bashir Ahmed Batt
260 ## - PUBLICATION, DISTRIBUTION, ETC.
Place of publication, distribution, etc. New Delhi, India;
Name of publisher, distributor, etc. Random Publications;
Date of publication, distribution, etc. 2022
300 ## - PHYSICAL DESCRIPTION
Extent viii,309p.ill;
Dimensions 24cm
942 ## - ADDED ENTRY ELEMENTS (KOHA)
Source of classification or shelving scheme Dewey Decimal Classification
Koha item type Books
Suppress in OPAC No

No items available.

©2025 All rights reserved. KKU